The coblers end, or his (last) sermon : being a true relation of that sermon, which was preached in St. Georges Church in Southwark by a cobler last Sabbath day, being the 12. of December, 1641 : who most impudently and insolently stept up into the pulpit and broached his Brownisticall and erroneous opinions to his auditors.

Bibliographic Details
Main Author: Cobler
Format: Microform Book
Language:English
Series:Early English books, 1641-1700 ; 22:8.
Subjects:

MARC

Tag First Indicator Second Indicator Subfields
LEADER 00000cam a2200000 a 4500
001 in00000950521
005 20150926131349.0
007 hd afv|||baca
008 850313s1641 miu a 00010 eng d
035 |a (OCoLC)11799586 
035 |9 AET7175AM 
037 |a CL0037000001  |b UMI 
037 |b University Microfilms International, 300 N. Zeeb Rd., Ann Arbor, MI 48106 
040 |a EAA  |c EAA  |d m/c  |d UtOrBLW 
043 |a e-uk-en 
049 |a TXAI 
099 |a film   |a  B   |a  3609 
100 0 |a Cobler. 
245 1 4 |a The coblers end, or his (last) sermon :  |b being a true relation of that sermon, which was preached in St. Georges Church in Southwark by a cobler last Sabbath day, being the 12. of December, 1641 : who most impudently and insolently stept up into the pulpit and broached his Brownisticall and erroneous opinions to his auditors. 
264 3 |a London :  |b Printed for I.H.,  |c 1641. 
300 |a 8 unnumbered pages 
336 |a text  |b txt  |2 rdacontent 
337 |a microform  |b h  |2 rdamedia 
338 |a microfilm reel  |b hd  |2 rdacarrier 
500 |a "His text was taken out of the 30. chapter of Esaiah, and the last verse" 
500 |a Reproduction of original in Union Theological Seminary Library, New York. 
510 4 |a Wing  |c C4783 
510 4 |a McAlpin Coll.  |c II 24 
533 |a Microfilm.  |b Ann Arbor, Mich. :  |c University Microfilms,  |d 1961.  |e 1 microfilm reel ; 35 mm.  |f (Early English books, 1641-1700 ; 22:8) 
500 |a Microform. 
650 0 |a Sermons, English. 
650 0 |a Brownists. 
830 0 |a Early English books, 1641-1700 ;  |v 22:8. 
999 |a MARS 
999 f f |s c9970ca2-75ef-3ed7-a2c3-7f333c5796a6  |i 368e6d17-41e3-3c37-aa66-f875de67fd91  |t 0 
952 f f |p default  |a Texas A&M University  |b College Station  |c Sterling C. Evans Library  |d Evans: Microforms (3rd floor)  |t 0  |e film B 3609 22:8  |h Other scheme  |i microform -- microfilm reel 
998 f f |a film B 3609 22:8  |t 0  |l Evans: Microforms (3rd floor)